Statistics for RuPaul's Drag Race Trivia #3

Click here to take the quiz!

General Stats

  • This quiz has been taken 1,979 times
  • The average score is 8 of 12

Answer Stats

HintAnswer% Correct
Bob the Drag Queen won how many main challenges?Three
99%
Derrick Barry is known for impersonating what celebrity?Britney Spears
90%
How many different queens won main challenges this season?Six
85%
Because Bianca Del Rio couldn't make it to the first photo shoot, they filled her in with what?A clown
83%
Won Miss Congeniality and was known for her "Cucu".Cynthia Lee Fontaine
83%
The Madonna outfit that was consistent with the contestants.Kimonos
77%
Eliminated after his snatch game impersonation of Nancy Grace was "boring".Acid Betty
75%
Naomi Smalls new song was called....Legs
71%
Tired to "come for" Sharon Needles during the first photo shoot.Robbie Turner
50%
Walked into the werk room wearing flats.Laila McQueen
47%
Was assigned the Hello Kitty Ball in the first main challenge.Dax ExclamationPoint
46%
Was in an abusive relationship with her make up, according to Michelle Visage.Thorgy Thor
40%

Score Distribution

Percentile by Number Answered

Percent of People with Each Score

Your Score History

You have not taken this quiz